| 000 | 00691cam a2200217Mi 4500 | ||
|---|---|---|---|
| 999 |
_c6866 _d6866 |
||
| 020 |
_a9789864342822 _cNT$500 |
||
| 100 | 1 | _a鍾, 文武 | |
| 245 | 1 | 0 |
_a學會專案管理的12堂課 = _bProject management / _c鍾文武著 |
| 250 | _a初版 | ||
| 260 |
_a新北市 : _b博碩文化, _c2018[民107] |
||
| 300 |
_a1冊 : _b圖 ; _c23公分 |
||
| 500 | _a含索引 | ||
| 500 | _a附錄: 免費排程軟體-ProjectLibre安裝與使用等3種 | ||
| 942 |
_2ccl _cBOOK |
||